Kriminalistická fonoskopia

Bibliographic Details
Main Authors: Lukovič, Miloš (Author), Snohová, Daša (Author), Trvalec, Hubert (Author)
Format: Book
Language:Slovak
PhysicalDescription:49 s. fotogr., sch., tab. 29 cm
Published: Bratislava Akadémia Policajného zboru Slovenskej republiky 1997
ISBN:8080540225
Subjects:

MARC

LEADER 00000nam a2200000 a 4500
001 vtls001299861
003 SK-MaSNL
005 20260302032835.0
008 240509s1997 xo app r yy slo
015 |a SNBA1998/0100068 
020 |a 8080540225 
035 |a SNK000251843 
035 |a urn:nbn:sk:snk-amthpk 
035 |a urn:nbn:sk:snk-am00c4kw 
035 |a 02517CF1-12DD-45A2-B6B9-473771BE4DCD 
040 |a SNK  |b slo  |c SNK  |e AACR2 
041 0 |a slo 
044 |a xo  |c SK 
080 |a 343.98:534.78(075.8)  |2 1981 
080 |a 534.78(075.8)  |2 1981 
100 1 |a Lukovič, Miloš  |4 aut  |9 45406 
245 1 0 |a Kriminalistická fonoskopia  |c Miloš Lukovič, Daša Snohová, Hubert Trvalec 
260 |a Bratislava  |b Akadémia Policajného zboru Slovenskej republiky  |c 1997 
300 |a 49 s.  |b fotogr., sch., tab.  |c 29 cm 
500 |a 200 výt. 
504 |a Bibliogr. s. 47-48 
650 0 7 |a kriminalistika  |2 SNKPH  |9 1688 
650 0 7 |a fonoskopia  |2 SNKPH  |9 682315 
650 0 7 |a forenzná fonetika  |2 SNKPH  |9 55382 
655 7 |a Textbooks (higher)  |2 SNKPHeng  |9 276436 
655 7 |a učebnice vysokých škôl  |2 SNKPH  |9 70191 
700 1 |a Snohová, Daša  |4 aut  |9 46892 
700 1 |a Trvalec, Hubert  |4 aut  |9 39343 
919 |a 80-8054-022-5 
958 |a OND 
958 |a TL 
958 |a UV 
958 |a NB 
999 |c 1058821  |d 1060751 
952 |t P60, <09>, [BOOK], {629}  |a SNK  |b SNK  |y NEVYP  |7 0  |o snkB 1092  |i snk4016/970821  |0 0  |1 0  |4 0  |d 1997-08-20  |l 0  |r 2005-01-02 00:00:00  |w 2026-02-24 
952 |t P60, <04>, [BOOK], {604}  |a SNK  |b SNK  |y VYP  |7 0  |p 17A0088387  |o snkSB 57520 D1  |i snkKSP 9085/97  |0 0  |1 0  |4 0  |d 1997-08-21  |l 0  |r 2005-01-02 00:00:00  |w 2026-02-24 
952 |t P60, <03>, [BOOK], {603}  |a SNK  |b SNK  |y PREZ  |7 0  |p 17A0088386  |o snkSB 57520  |i snkKSP 9084/97  |0 0  |1 0  |4 0  |d 1997-08-21  |f 1  |l 0  |r 2025-04-09 00:00:00  |w 2026-02-24